Mortgage-lending strong (Record no. 117781)
[ view plain ]
| 000 -LEADER | |
|---|---|
| fixed length control field | 00930cam a2200217 4500 |
| 001 - CONTROL NUMBER | |
| control field | WB@3612-417 |
| 008 - FIXED-LENGTH DATA ELEMENTS--GENERAL INFORMATION | |
| fixed length control field | 040728n2004 000 0 eng u |
| 035 ## - SYSTEM CONTROL NUMBER | |
| System control number | (Sirsi) u126955 |
| 245 ## - TITLE STATEMENT | |
| Title | Mortgage-lending strong |
| 260 ## - PUBLICATION, DISTRIBUTION, ETC. | |
| Date of publication, distribution, etc. | 2004 |
| 490 ## - SERIES STATEMENT | |
| Series statement | British Bankers Association Press Release |
| Volume/sequential designation | 27 July 2004 (2) |
| 520 ## - SUMMARY, ETC. | |
| Summary, etc. | Gross mortgage lending in June 2004 totalled nearly £18.0bn. This was £2.4bn higher than in May 2004 and 20% more than June 2003. These are the highest figures on record. Approval numbers in June were also stronger than May - there were 230 300 loans approved, with a total value of £18.9bn. The average amount people borrowed was £118 100. http://www.bba.org.uk/bba/jsp/polopoly.jsp?d=145&a =4251 |
| 590 ## - LOCAL NOTE (RLIN) | |
| Local note | WB |
| 590 ## - LOCAL NOTE (RLIN) | |
| Local note | WB |
| 650 ## - SUBJECT ADDED ENTRY--TOPICAL TERM | |
| Topical term or geographic name entry element | MORTGAGE LENDING |
| 650 ## - SUBJECT ADDED ENTRY--TOPICAL TERM | |
| Topical term or geographic name entry element | STATISTICS |
| 650 ## - SUBJECT ADDED ENTRY--TOPICAL TERM | |
| Topical term or geographic name entry element | MORTGAGE MARKET |
| 650 ## - SUBJECT ADDED ENTRY--TOPICAL TERM | |
| Topical term or geographic name entry element | REMORTGAGING |
| 690 ## - LOCAL SUBJECT ADDED ENTRY--TOPICAL TERM (OCLC, RLIN) | |
| Topical term or geographic name as entry element | HOUSING-FINANCE |
| 942 ## - ADDED ENTRY ELEMENTS (KOHA) | |
| Suppress in OPAC | 0 |
| Withdrawn status | Lost status | Source of classification or shelving scheme | Damaged status | Not for loan | Home library | Current library | Shelving location | Date acquired | Total Checkouts | Full call number | Barcode | Date last seen | Copy number | Price effective from | Koha item type |
|---|---|---|---|---|---|---|---|---|---|---|---|---|---|---|---|
| Dewey Decimal Classification | London | London | News article | 28/07/2004 | WB4029-10 | 126955-1001 | 06/08/2019 | 1 | 06/08/2019 | News article |